00403 a2200121 4500001001000000005001700010008004100027245007400068100002700142700002200169773007300191999001700264ART_4359520260410162024.0260409a 10aDeterminants of performance measure choices in worker incentive plans1 aIttner, Christopher D.1 aLarcker, David F.0 tJournal of labor economicsg- Vol. 20, NÂș 2/2 (abr. 2002)wREV43438 c33415d33415